Wszystkie rzeczowniki z hymnu Polski - Statystyki

Ogólne statystyki
  • Ten quiz został rozwiązany 26 razy
  • Średni wynik to 18 z 20
Statystyki odpowiedzi
Opis Rzeczownik % Poprawnych
mężczyzna który ma dziecko ojciec
100%
państwo którego jest to hymn Polska
100%
miasto w woj. wielkopolskim Poznań
100%
trzecia najdłuższa rzeka Polski Warta
100%
najdłuższa rzeka Polski Wisła
100%
nazwisko cesarza francuskiego Bonaparte
95%
nazwisko polskiego generała Dąbrowski
95%
rozległy obszar słonej wody morze
95%
osoba pochodząca z Polski Polak
95%
imię żeńskie oznaczające "cudzoziemka" Basia
90%
nazwisko polskiego dowódcy wojskowego Czarniecki
90%
wspólnota ludzi z jednego państwa naród
90%
kraj w którym ktoś się urodził i jest z nim powiązany ojczyzna
90%
inaczej agresja przemoc
90%
jednoręczna sieczna broń biała szabla
90%
inaczej tereny ziemia
90%
osoba godna naśladowania przykład
86%
duży bęben używany w wojsku taraban
86%
przeprowadzenie kogoś przez coś przewód
81%
bezprawne zajęcie terytorium zabór
71%
Nie znaleziono quizów pasujących do podanych kryteriów
Rozkład punktacji
Procent ludzi z każdym wynikiem
Percentyl według liczby udzielonych odpowiedzi
Twoja historia wyników
Nie rozwiązałeś tego quizu